| 000 | 01493nmc a2200469 a 4500 | ||
|---|---|---|---|
| 003 | AR-BaBNM | ||
| 005 | 20251128210204.0 | ||
| 008 | 011101s1997 ||||||||||||||000 | spa|| | ||
| 020 | _a84-7884-181-4 | ||
| 040 | _cAR-BaBNM | ||
| 245 | 1 | 0 | _aEnsayos de pedagogía crítica |
| 260 |
_aMadrid _bPopular _c1997 |
||
| 300 | 0 | _a167 p. | |
| 490 | 0 | _aProa | |
| 500 | 1 | _aEl contenido de esta obra corresponde a las ponencias del congreso de educación "Pensamiento y acción crítica para el cambio social" realizado en Victoria-Gasteiz, los días 20, 21 y 22 de febrero de 1997 | |
| 504 | _aContiene bibliografía al final de cada capítulo | ||
| 650 | 4 | _aTEORIAS DE LA EDUCACION | |
| 650 | 4 | _aSOCIOLOGIA DE LA EDUCACION | |
| 650 | 4 | _aCONOCIMIENTO | |
| 650 | 4 | _aIDENTIDAD | |
| 650 | 4 | _aSOCIALIZACION | |
| 650 | 4 | _aCAMBIO SOCIAL | |
| 650 | 4 | _aPRAXIS EDUCATIVA | |
| 650 | 4 | _aCOOPERACION INTERNACIONAL | |
| 650 | 4 | _aETICA | |
| 650 | 4 | _aDIFERENCIACION SOCIAL | |
| 653 | _aPEDAGOGIA CRITICA | ||
| 653 | _aPOSMODERNIDAD | ||
| 653 | _aGLOBALIZACION | ||
| 653 | _aDIVERSIDAD SOCIOCULTURAL | ||
| 700 | 1 | _aBernstein, Basil B. | |
| 700 | 1 | _aFlecha, Ramón | |
| 700 | 1 | _aPérez Gómez, Angel I. | |
| 700 | 1 | _aVitoria Comerzana, F. Javier | |
| 700 | 1 | _aFernández Durán, Ramón | |
| 700 | 1 | _aSubirats, Marina | |
| 700 | 1 | _aAlmansa, Fernando | |
| 700 | 1 | _aMatala Kabangu, Thsimpanga | |
| 700 | 1 |
_aGarcía Peña, J. _ecoordinador |
|
| 942 | _cBK | ||
| 998 | _cRaquel | ||
| 999 |
_c14437 _d14437 |
||